[Event "NRW Verbandsliga Group1 1314"]
[Site "Nordrheinwestfalen"]
[Date "2013.12.15"]
[Round "5"]
[White "Kuesgen, Dirk"]
[Black "Funke, Eckhard"]
[Result "1-0"]
[WhiteElo "1825"]
[BlackElo "1821"]
[PlyCount "141"]
[EventDate "2013.09.08"]
[EventType "team-tourn"]
[EventRounds "9"]
[EventCountry "GER"]
[SourceTitle "EXT 2020"]
[Source "ChessBase"]
[SourceDate "2019.10.17"]
[SourceVersion "1"]
[SourceVersionDate "2019.10.17"]
[SourceQuality "1"]
[WhiteTeam "Bottrop SV"]
[BlackTeam "Hoentrop SG"]
[WhiteTeamCountry "GER"]
[BlackTeamCountry "GER"]

1. e4 c5 2. d4 cxd4 3. c3 dxc3 4. Nxc3 Nc6 5. Nf3 e6 6. Bc4 a6 7. 0-0 Nge7 8. Bf4 Ng6 9. Bg3 b5 10. Bb3 Na5 11. Bc2 Bb4 12. Qd4 Bxc3 13. Qxc3 0-0 14. Bc7 b4 15. Bxd8 bxc3 16. Bxa5 cxb2 17. Rab1 Rb8 18. Bc3 Bb7 19. Bxb2 d5 20. Ne5 Rbc8 21. Nxg6 hxg6 22. Ba3 Rfe8 23. Ba4 Bc6 24. Bxc6 Rxc6 25. exd5 exd5 26. Rfd1 Rc2 27. Rb2 Ree2 28. Rxc2 Rxc2 29. Bc1 Rxa2 30. Rxd5 Ra1 31. Rd8+ Kh7 32. Rc8 g5 33. g4 f6 34. Kg2 Kg6 35. Rc7 Ra2 36. Be3 Kh7 37. Bc5 Kg8 38. Kf3 Ra4 39. h3 Rc4 40. Bd6 Rd4 41. Rc6 Rd3+ 42. Ke4 Rxh3 43. Kf5 Kh7 44. Bg3 Rh1 45. Rxa6 Rb1 46. Ra7 Rb5+ 47. Ke6 Kg6 48. Ke7 Rb4 49. Kf8 Rxg4 50. Rxg7+ Kf5 51. Rd7 Kg6 52. Rd6 Ra4 53. Ke7 Ra7+ 54. Rd7 Ra6 55. Rd6 Ra7+ 56. Ke6 Ra5 57. Rd5 Ra6+ 58. Bd6 Ra2 59. Bc5 Re2+ 60. Be3 Rc2 61. Rd6 Rc7 62. Bd4 Rf7 63. Rd7 Rf8 64. Ke7 Rh8 65. Rd6 Rh7+ 66. Ke6 Rf7 67. Rd7 Rxd7 68. Kxd7 Kf5 69. Ke7 Ke4 70. Kxf6 g4 71. Kg5 1-0

[Event "Ruhrgebiet VK1 1213"]
[Site "Nordrheinwestfalen"]
[Date "2013.01.13"]
[Round "5.7"]
[White "Schuermann, Jan"]
[Black "Kuesgen, Dirk"]
[Result "1-0"]
[WhiteElo "1836"]
[BlackElo "1836"]
[PlyCount "75"]
[EventDate "2012.09.02"]
[EventType "team-tourn"]
[EventRounds "9"]
[EventCountry "GER"]
[SourceTitle "EXT 2020"]
[Source "ChessBase"]
[SourceDate "2019.10.17"]
[SourceVersion "1"]
[SourceVersionDate "2019.10.17"]
[SourceQuality "1"]
[WhiteTeam "Muelheim Nord IV"]
[BlackTeam "Bottrop SV"]
[WhiteTeamCountry "GER"]
[BlackTeamCountry "GER"]

1. e4 Nf6 2. e5 Nd5 3. d4 d6 4. Nf3 dxe5 5. Nxe5 c6 6. c4 Nb4 7. a3 Qxd4 8. Nxf7 Qe4+ 9. Qe2 Nc2+ 10. Kd1 Qxe2+ 11. Bxe2 Nxa1 12. Nxh8 Nb3 13. Be3 Bf5 14. Nd2 Nxd2 15. Kxd2 Nd7 16. g4 Be6 17. Bd4 c5 18. Bc3 Nf6 19. f3 0-0-0+ 20. Kc1 g5 21. h4 Bh6 22. Bd2 Bg7 23. hxg5 Nd7 24. Rxh7 Bxh8 25. Rxe7 Nf8 26. f4 Bxb2+ 27. Kc2 Bxa3 28. g6 Bd7 29. f5 Ba4+ 30. Kb1 Nd7 31. Bf4 Bb3 32. Re3 Bxc4 33. Bxc4 Bb4 34. Re7 a6 35. Be6 c4 36. Bxd7+ Rxd7 37. Rxd7 Kxd7 38. g7 1-0

[Event "Ruhrgebiet VK2 1112"]
[Site "Nordrheinwestfalen"]
[Date "2012.04.22"]
[Round "9"]
[White "Ziemek, Siegfried"]
[Black "Kuesgen, Dirk"]
[Result "1/2-1/2"]
[WhiteElo "1556"]
[BlackElo "1837"]
[PlyCount "77"]
[EventDate "2012.09.18"]
[EventType "team-tourn"]
[EventRounds "9"]
[EventCountry "GER"]
[SourceTitle "EXT 2020"]
[Source "ChessBase"]
[SourceDate "2019.10.17"]
[SourceVersion "1"]
[SourceVersionDate "2019.10.17"]
[SourceQuality "1"]
[WhiteTeam "Marten Boevinghausen"]
[BlackTeam "Bottrop SV"]
[WhiteTeamCountry "GER"]
[BlackTeamCountry "GER"]

1. e4 e5 2. Bc4 Nf6 3. d3 d5 4. exd5 Nxd5 5. Nf3 Nc6 6. 0-0 Qd6 7. Nc3 Nxc3 8. bxc3 Be7 9. Bg5 0-0 10. Bxe7 Qxe7 11. Re1 Qd6 12. Re3 Kh8 13. Ng5 Be6 14. Qh5 h6 15. Bxe6 fxe6 16. Nf7+ Rxf7 17. Qxf7 Rf8 18. Qh5 Rf5 19. Qe2 Qc5 20. Qd2 Qd5 21. c4 Qd4 22. c3 Qf4 23. Qe2 Qh4 24. Re1 Kh7 25. Rh3 Qf6 26. Qe4 Kg8 27. Qh4 Qf7 28. Ree3 Qf8 29. Rhf3 Qa3 30. h3 Qxc3 31. Qg4 Nd4 32. Rxf5 exf5 33. Qd1 Qb2 34. Qa4 Nc2 35. Qe8+ Kh7 36. Rxe5 Qc1+ 37. Kh2 Qf4+ 38. Kg1 Qc1+ 39. Kh2 1/2-1/2

[Event "Ruhrgebiet Verbandsliga1 1011"]
[Site "Nordrheinwestfalen"]
[Date "2011.03.20"]
[Round "8.8"]
[White "Kuesgen, Dirk"]
[Black "Hansen, Friedhelm"]
[Result "1-0"]
[WhiteElo "1843"]
[BlackElo "1754"]
[PlyCount "87"]
[EventDate "2011.09.12"]
[EventType "team-tourn"]
[EventRounds "9"]
[EventCountry "GER"]
[SourceTitle "EXT 2020"]
[Source "ChessBase"]
[SourceDate "2019.10.17"]
[SourceVersion "1"]
[SourceVersionDate "2019.10.17"]
[SourceQuality "1"]
[WhiteTeam "Bottrop SV"]
[BlackTeam "Bochum-Linden-Dahlhausen"]
[WhiteTeamCountry "GER"]
[BlackTeamCountry "GER"]

1. e4 e5 2. Nf3 Nc6 3. Bc4 Bc5 4. b4 Bxb4 5. c3 Bc5 6. d4 exd4 7. cxd4 Bb4+ 8. Bd2 Bxd2+ 9. Qxd2 d6 10. 0-0 Nf6 11. Nc3 0-0 12. h3 a6 13. a4 Bd7 14. e5 dxe5 15. dxe5 Ne8 16. Qa2 Na5 17. Bd3 Be6 18. Qc2 g6 19. Rab1 Ng7 20. Ne4 Nh5 21. Rfd1 Qc8 22. Qd2 b6 23. Qh6 f6 24. exf6 Nxf6 25. Nfg5 Qd7 26. Bc4 Qg7 27. Bxe6+ Kh8 28. Qxg7+ Kxg7 29. Ba2 Nxe4 30. Rd7+ Kh6 31. Nxe4 Rae8 32. f3 Rc8 33. Kf2 Nc6 34. Rc1 Nb4 35. Bc4 Rce8 36. Kg3 c6 37. h4 Rd8 38. Rcd1 Nd5 39. Rxd8 Rxd8 40. Nf6 Rd6 41. Nxd5 cxd5 42. Rxd5 Rxd5 43. Bxd5 a5 44. Kf4 1-0

[Event "Dortmund op"]
[Site "Dortmund"]
[Date "2009.07.10"]
[Round "7"]
[White "Kuesgen, Dirk"]
[Black "Maniocha, Marek"]
[Result "0-1"]
[WhiteElo "1926"]
[BlackElo "2067"]
[PlyCount "72"]
[EventDate "2009.07.04"]
[EventType "swiss"]
[EventRounds "9"]
[EventCountry "GER"]
[SourceTitle "CBM 131 Extra"]
[Source "ChessBase"]
[SourceDate "2009.09.03"]
[SourceVersion "2"]
[SourceVersionDate "2009.09.16"]
[SourceQuality "1"]

1. e4 g6 2. d4 Bg7 3. Nc3 d6 4. Be3 a6 5. Qd2 b5 6. Bd3 Bb7 7. f3 Nd7 8. Nce2 c5 9. c3 e6 10. Nh3 Qc7 11. 0-0 Ngf6 12. Rac1 c4 13. Bb1 h6 14. Ng3 g5 15. Rce1 0-0-0 16. b3 Nb6 17. Qf2 d5 18. e5 Nfd7 19. Nh5 Bf8 20. Qc2 Kb8 21. Nf2 b4 22. Bd2 Rc8 23. Rc1 a5 24. Qb2 Ba6 25. Rfe1 Kb7 26. cxb4 axb4 27. bxc4 Nxc4 28. Qc2 Qb6 29. Qd1 Be7 30. Be3 Rc7 31. Qb3 Rhc8 32. Nd3 Nxe3 33. Rxc7+ Rxc7 34. Rxe3 Qxd4 35. Kf2 Nb6 36. Nb2 Rc3 0-1

[Event "Dortmund op-A"]
[Site "Dortmund"]
[Date "2007.06.24"]
[Round "3"]
[White "Kuesgen, Dirk"]
[Black "Maniocha, Marek"]
[Result "1-0"]
[WhiteElo "1831"]
[BlackElo "2082"]
[PlyCount "89"]
[EventDate "2007.06.22"]
[EventType "swiss"]
[EventRounds "9"]
[EventCountry "GER"]
[SourceTitle "EXT 2008"]
[Source "ChessBase"]
[SourceDate "2007.11.25"]
[SourceVersion "1"]
[SourceVersionDate "2007.11.25"]
[SourceQuality "1"]

1. e4 c5 2. d4 cxd4 3. c3 dxc3 4. Nxc3 d6 5. Bc4 e6 6. Nf3 Be7 7. 0-0 Nf6 8. Qe2 a6 9. Rd1 Qc7 10. Bf4 e5 11. Bg5 Nbd7 12. Rac1 Qd8 13. Bxf6 Nxf6 14. Nxe5 0-0 15. Nf3 Qa5 16. Rd3 Bg4 17. h3 Bh5 18. Nd5 Qd8 19. Nf4 b5 20. Bb3 Rc8 21. Rdc3 Rxc3 22. Rxc3 Bxf3 23. Qxf3 Qb6 24. Nd5 Nxd5 25. Bxd5 Bf6 26. Rc6 Qa5 27. Qe2 Be5 28. g3 g6 29. Kg2 Rd8 30. Qc2 Rd7 31. b4 Qxb4 32. Rc7 Rxc7 33. Qxc7 Kg7 34. Qxf7+ Kh6 35. Qf8+ Kh5 36. Qe7 Kh6 37. Qf8+ Kh5 38. g4+ Kg5 39. Qe7+ Kh6 40. g5+ Kh5 41. Qxh7+ Kxg5 42. h4+ Kg4 43. Qxg6+ Kxh4 44. Qh6+ Kg4 45. Be6# 1-0

[Event "Dortmund Sparkassen op-B"]
[Site "Dortmund"]
[Date "2006.08.05"]
[Round "8"]
[White "Kuesgen, Dirk"]
[Black "Weiss, Malte"]
[Result "1/2-1/2"]
[WhiteElo "1816"]
[BlackElo "1520"]
[PlyCount "48"]
[EventDate "2006.07.28"]
[EventType "swiss"]
[EventRounds "9"]
[EventCountry "GER"]
[SourceTitle "CBM 113 Extra"]
[Source "ChessBase"]
[SourceDate "2006.09.14"]
[SourceVersion "1"]
[SourceVersionDate "2006.09.14"]
[SourceQuality "1"]

1. e4 c5 2. Nc3 d6 3. g3 Nf6 4. Bg2 Nc6 5. Nge2 e5 6. d3 Be7 7. 0-0 a6 8. a4 Nd4 9. Nxd4 cxd4 10. Ne2 Qc7 11. c3 dxc3 12. bxc3 0-0 13. c4 Bd7 14. a5 Bc6 15. Be3 Nd7 16. Nc3 b6 17. axb6 Nxb6 18. Qd2 Nd7 19. Rfb1 Rfb8 20. Bh3 Rxb1+ 21. Rxb1 Rb8 22. Qa2 Rxb1+ 23. Qxb1 Qb8 24. Qxb8+ Nxb8 1/2-1/2

[Event "Dortmund Sparkassen op-B"]
[Site "Dortmund"]
[Date "2006.08.04"]
[Round "7"]
[White "Regber, Karl Heinz"]
[Black "Kuesgen, Dirk"]
[Result "1/2-1/2"]
[WhiteElo "1701"]
[BlackElo "1816"]
[PlyCount "58"]
[EventDate "2006.07.28"]
[EventType "swiss"]
[EventRounds "9"]
[EventCountry "GER"]
[SourceTitle "CBM 113 Extra"]
[Source "ChessBase"]
[SourceDate "2006.09.14"]
[SourceVersion "1"]
[SourceVersionDate "2006.09.14"]
[SourceQuality "1"]

1. e4 Nf6 2. Nc3 e5 3. d3 d5 4. Bg5 Be7 5. Bxf6 Bxf6 6. Nxd5 Nc6 7. c3 0-0 8. Nxf6+ Qxf6 9. Qf3 Qe6 10. Qd1 Qe7 11. Nf3 Bg4 12. h3 Be6 13. g4 Rad8 14. Qd2 f6 15. Be2 Qf7 16. b3 Ne7 17. Nh4 Ng6 18. Nxg6 Qxg6 19. f3 c5 20. Qe3 b6 21. c4 Rd7 22. h4 Qh6 23. Qxh6 gxh6 24. h5 a5 25. a4 Rg7 26. Kd2 Kf7 27. Raf1 Ke7 28. Ke3 Rfg8 29. Rh4 Kd6 1/2-1/2

[Event "Dortmund Sparkassen op-B"]
[Site "Dortmund"]
[Date "2006.07.28"]
[Round "2"]
[White "Kuesgen, Dirk"]
[Black "Grzonka, Raphael"]
[Result "1-0"]
[WhiteElo "1816"]
[BlackElo "1596"]
[PlyCount "121"]
[EventDate "2006.07.28"]
[EventType "swiss"]
[EventRounds "9"]
[EventCountry "GER"]
[SourceTitle "CBM 113 Extra"]
[Source "ChessBase"]
[SourceDate "2006.09.14"]
[SourceVersion "1"]
[SourceVersionDate "2006.09.14"]
[SourceQuality "1"]

1. e4 c5 2. Nc3 d6 3. g3 Nf6 4. Bg2 g6 5. Nge2 Nc6 6. 0-0 Bg7 7. d3 0-0 8. f4 Nd4 9. Nxd4 cxd4 10. Ne2 e5 11. h3 Be6 12. f5 Bd7 13. c4 Rc8 14. Bd2 b5 15. b3 bxc4 16. bxc4 a5 17. Rb1 Bc6 18. g4 Nd7 19. Qe1 Ra8 20. g5 gxf5 21. exf5 Bxg2 22. Kxg2 f6 23. Qg3 Nc5 24. gxf6 Qxf6 25. Bg5 Qf7 26. f6 Qh5 27. Ng1 Bh8 28. Bh6+ Qg6 29. Qxg6+ hxg6 30. Bxf8 Rxf8 31. f7+ Kg7 32. Rbd1 Rxf7 33. Rxf7+ Kxf7 34. Ne2 Bf6 35. Kf3 Bg5 36. Ng3 Na4 37. Ne4 Be7 38. Rb1 Ke6 39. Rb5 Bd8 40. Rb8 Bc7 41. Rb7 Kd7 42. Nf6+ Kc6 43. Rb5 Nc3 44. Rb2 a4 45. Rg2 a3 46. Ne4 Kd7 47. Nxc3 dxc3 48. Rxg6 Bb6 49. Rg2 Ke6 50. h4 Bd4 51. Ke4 Kf6 52. h5 c2 53. Rxc2 Kg5 54. Rh2 Kh6 55. Kd5 Bc5 56. Ke6 Bb4 57. Kf5 Bc5 58. Kg4 Bd4 59. Rh3 e4 60. dxe4 Bb2 61. Rd3 1-0